| 000 | 00788nam a2200205 a 4500 | ||
|---|---|---|---|
| 005 | 20220629085916.0 | ||
| 008 | 991125s1975 mx 000 0 spa u | ||
| 035 | _aUPN01000051272 | ||
| 049 | _aCG | ||
| 050 | 4 |
_aHD7102 M6 _bI5.7 |
|
| 110 | 2 |
_aInstituto Mexicano del Seguro Social _928913 |
|
| 245 | 1 | 0 |
_aReglamento de clasificación de empresas y grados de riesgos para el seguro... / _cInstituto Mexicano del Seguro Social. |
| 260 |
_aMéxico : _bIMSS, _c1975. |
||
| 300 | _a63 p. | ||
| 500 | _aSubtítulo en cubierta: Lista de actividades en orden alfabético y progresivo de número de fracción | ||
| 650 | 4 |
_aCOMPENSACION POR ACCIDENTES DEL TRABAJO - _zMEXICO _99829 |
|
| 650 | 4 |
_aENFERMEDADES PROFESIONALES _91879 |
|
| 650 | 4 |
_aSeguridad social _zMéxico _918394 |
|
| 905 | _aLibro | ||
| 999 |
_c51272 _d51272 |
||